000 00477nam a22001217a 4500
999 _c10231
_d10231
003 OSt
008 201218b ||||| |||| 00| 0 eng d
245 _aIETE Technical Review
250 _a2014(Jan-Feb Vol.31 No.1, Mar-Apr Vol.31 No.2, May-Jun Vol.31 No.3, Jul-Aug Vol.31 No.4, Sep-Oct Vol.31 No.5, Nov-Dec Vol.31 No.6)
260 _aNew Delhi
_bInstitution of Electronics and Telecommunication Engineers
650 _aElectronics and Communication Engineering
942 _2ddc
_cBV